|
|
|
|
| LEADER |
00837pam a22002418a 4500 |
| 001 |
00027323 |
| 005 |
20171026081025.0 |
| 008 |
111025s2011 ||||||viesd |
| 041 |
0 |
# |
|a vie
|
| 082 |
1 |
4 |
|a 915.975 5
|b T310H
|
| 100 |
1 |
# |
|a Nguyễn, Đình Chúc
|
| 245 |
1 |
0 |
|a Tìm hiểu địa danh qua tục ngữ ca dao Phú Yên
|c Nguyễn Đình Chúc
|
| 260 |
# |
# |
|a Hà Nội
|b Thanh niên
|c 2011
|
| 300 |
# |
# |
|a 275 tr.
|c 21 cm.
|
| 500 |
# |
# |
|a ĐTTS ghi: Hội Văn nghệ dân gian Việt Nam
|
| 541 |
# |
# |
|a Tặng
|
| 650 |
# |
4 |
|a Địa danh
|z Việt Nam
|
| 710 |
2 |
# |
|a Hội Văn nghệ dân gian Việt Nam
|
| 852 |
# |
# |
|b Kho đọc
|j KD.0011949
|
| 852 |
# |
# |
|j KD.0011949
|
| 910 |
0 |
# |
|a Ntuyet
|d 25/10/2011
|
| 980 |
# |
# |
|a Trung tâm Học liệu Lê Vũ Hùng, Trường Đại học Đồng Tháp
|